|
|
|
|
| LEADER |
00000cam a2200000 7i4500 |
| 001 |
0000032935 |
| 005 |
20120704.0 |
| 008 |
120704 |
| 020 |
|
|
|a 9833586349
|
| 090 |
0 |
0 |
|a 658.872
|b NOR
|
| 100 |
0 |
|
|a Norziati Mohd Rosman
|
| 245 |
1 |
0 |
|a Buat duit dengan MLM
|c Norziati Mohd Rosman
|
| 260 |
|
|
|a KL :
|b PTS Professional ,
|c 2008
|
| 440 |
|
|
|a Bisnes & pengurusan
|
| 650 |
|
0 |
|a Direct selling
|
| 650 |
|
0 |
|a Multilevel marketing
|
| 650 |
|
0 |
|a Success in business
|
| 999 |
|
|
|a 0001136715
|b Book
|c Adult Collection
|e Perbadanan Perpustakaan Awam Johor
|
| 999 |
|
|
|a 0001136717
|b Book
|c Adult Collection
|e Perbadanan Perpustakaan Awam Johor
|
| 999 |
|
|
|a 0001136719
|b Book
|c Adult Collection
|e Perbadanan Perpustakaan Awam Johor
|